A szótáríró szavai
Elmentve itt :
| Szerző: | |
|---|---|
| Dokumentumtípus: | Cikk |
| Megjelent: |
1987-02-07
|
| Sorozat: | Délmagyarország
77 No. 32 |
| Kulcsszavak: | Temesi Ferenc |
| Online Access: | http://dmarchiv.bibl.u-szeged.hu/100744 |
| LEADER | 00439nab a2200157 i 4500 | ||
|---|---|---|---|
| 001 | delm100744 | ||
| 005 | 20190919094808.0 | ||
| 008 | 190919s1987 hu o 0|| hun d | ||
| 040 | |a SZTE Délmagyarország Archívum |b hun | ||
| 041 | |a hun | ||
| 100 | 1 | |a Dlusztus Imre | |
| 245 | 1 | 2 | |a A szótáríró szavai |h [elektronikus dokumentum] / |c Dlusztus Imre |
| 260 | |c 1987-02-07 | ||
| 300 | |a 8 | ||
| 490 | 0 | |a Délmagyarország |v 77 No. 32 | |
| 695 | |a Temesi Ferenc | ||